| 000 | 00820nam a2200229 4500 | ||
|---|---|---|---|
| 005 | 20210816170455.0 | ||
| 008 | 210816s1993 pe db||fr|||| 001 0 spa d | ||
| 040 |
_aCENDOC CAAAP _bspa _cCAAAP |
||
| 041 | _aspa | ||
| 050 |
_aHA 1068.RN _bP45 1993 |
||
| 245 |
_aCensos nacionales 1993 : _bregión Nor Oriental del Marañón. Resultados del censo de población (estadística preliminar) |
||
| 250 | _a1ra ed. | ||
| 260 |
_aLima: _bINEI, _c1993 |
||
| 300 |
_a121 p.: _bilustraciones, mapas ; _c29 cm. |
||
| 490 |
_a(Estadística Censal Regional ; _v1) |
||
| 505 | _aContiene: Análisis de resultados preliminares --Resumen estadístico regional -- Anexos. | ||
| 650 | 1 | 0 |
_91407 _aCensos |
| 650 | 2 | 0 |
_93296 _aPoblación |
| 650 | 2 | 0 |
_93768 _aVivienda |
| 651 | 0 |
_91863 _aRío Marañón _zPerú |
|
| 942 |
_2lcc _b16 - 08 - 21 _cBK |
||
| 999 |
_c2207 _d2207 |
||